书目信息 |
| 题名: |
全国硕士研究生入学统一考试历届考题名家解析
|
|
| 作者: | 余学本 编写 ;全国考研政治辅导专家组 组编 | |
| 分册: | 政治理论 | |
| 出版信息: | 北京 朝华出版社 2006.02 |
|
| 页数: | 218页 | |
| 开本: | 26cm | |
| 丛书名: | 全国硕士研究生入学统一考试历届考题名家解析 | |
| 单 册: | ||
| 中图分类: | D0-44 | |
| 科图分类: | ||
| 主题词: | 政治理论--研究生--入学考试--解题 | |
| 电子资源: | ||
| ISBN: | 7-5054-1164-0 | |
| 000 | 01313nam 22002770 450 | |
| 001 | 192004001763 | |
| 005 | 20070914150454.78 | |
| 010 | @a7-5054-1164-0@dCNY19.00 | |
| 100 | @a20070531d2006 ekmy0chiy0121 ea | |
| 101 | 0 | @achi |
| 102 | @aCN@b110000 | |
| 105 | @ay z 000yy | |
| 200 | 1 | @a全国硕士研究生入学统一考试历届考题名家解析@Aquan guo shuo shi yan jiu sheng ru xue tong yi kao shi li jie kao ti ming jia jie xi@f全国考研政治辅导专家组组编@g余学本 ... [等] 编写@i政治理论 |
| 210 | @a北京@c朝华出版社@d2006.02 | |
| 215 | @a218页@d26cm | |
| 225 | 2 | @a全国硕士研究生入学统一考试历届考题名家解析@Aquan guo shuo shi yan jiu sheng ru xue tong yi kao shi li jie kao ti ming jia jie xi |
| 300 | @a其他题名:政治理论 | |
| 330 | @a本书做到了逐题解析,分析详尽,解答规范,对例题思路和解题的重点、难点进行深入细致的解析,以便于考生把握解题规律、扩展分析思路、掌握答题技巧,从而大大提高应试水平,在2007年考研中取得优异成绩。本书适合相关专业人员阅读。 | |
| 410 | 1 | @12001 @a全国硕士研究生入学统一考试历届考题名家解析 |
| 517 | 1 | @a政治理论@Azheng zhi li lun |
| 606 | 0 | @a政治理论@x研究生@x入学考试@j解题 |
| 690 | @aD0-44@v4 | |
| 701 | 0 | @a余学本@Ayu xue ben@4编写 |
| 712 | 02 | @a全国考研政治辅导专家组@Aquan guo kao yan zheng zhi fu dao zhuan jia zu@4组编 |
| 801 | 0 | @aCN@c20070914 |
| 905 | @dD0-44@eQ898 | |
| 全国硕士研究生入学统一考试历届考题名家解析/全国考研政治辅导专家组组编/余学本 ... [等] 编写.政治理论.-北京:朝华出版社,2006.02 |
| 218页;26cm.-(全国硕士研究生入学统一考试历届考题名家解析) |
| 其他题名:政治理论.-丛编说明: |
| ISBN 7-5054-1164-0:CNY19.00 |
| 本书做到了逐题解析,分析详尽,解答规范,对例题思路和解题的重点、难点进行深入细致的解析,以便于考生把握解题规律、扩展分析思路、掌握答题技巧,从而大大提高应试水平,在2007年考研中取得优异成绩。本书适合相关专业人员阅读。 |
| ● |
| 相关链接 |
|
|
|
正题名:全国硕士研究生入学统一考试历届考题名家解
索取号:D0-44/Q898
 
预约/预借
| 序号 | 登录号 | 条形码 | 馆藏地/架位号 | 状态 | 备注 |
| 1 | 624427 | 206244278 | 社科库509/ [索取号:D0-44/Q898] | 在馆 | |
| 2 | 624428 | 206244287 | 社科库509/509社科库 67排5列2层/ [索取号:D0-44/Q898] | 在馆 | |
| 3 | 624429 | 206244296 | 社科库509/509社科库 67排5列2层/ [索取号:D0-44/Q898] | 在馆 |